La formación de Grecia: 1200-479 a.C
Đã lưu trong:
| Tác giả chính: | |
|---|---|
| Định dạng: | Sách |
| Ngôn ngữ: | Tiếng Tây Ban Nha |
| Được phát hành: |
Barcelona, España
Crítica
1998
|
| Loạt: | Crítica - Arqueología
|
| Những chủ đề: | |
| Các nhãn: |
Thêm thẻ
Không có thẻ, Là người đầu tiên thẻ bản ghi này!
|
MARC
| LEADER | 00000nam a2200000 a 4500 | ||
|---|---|---|---|
| 001 | UCM0431 | ||
| 003 | CL-VaPUC | ||
| 005 | 20221130171323.0 | ||
| 008 | 020301e19980000SP |||||||||||||||||spa|d | ||
| 999 | |c 299338 |d 299336 | ||
| 040 | |c Pontificia Universidad Católica de Valparaíso | ||
| 082 | 0 | 4 | |a 938 OSB 1998 |2 21 |
| 100 | |a Osborne, Robin |e autor |9 469297 | ||
| 245 | 1 | 3 | |a La formación de Grecia: |b 1200-479 a.C |
| 260 | |a Barcelona, España |b Crítica |c 1998 | ||
| 300 | |a 463 páginas | ||
| 490 | 0 | |a Crítica - Arqueología | |
| 583 | |a last modification |c 20020301 00:00:00 |k Rodrigo Vera | ||
| 650 | 7 | |a HISTORIA GRIEGA |2 CL-VaPUC |9 314116 | |
| 650 | 0 | |a Civilizaciones antiguas |9 265998 | |
| 650 | 0 | |a Historia antigua |9 267521 | |
| 942 | |c BK |2 ddc | ||
| 945 | |d 20020301 00:00:00 |a cmena | ||
| 952 | |0 0 |1 0 |4 0 |6 938_000000000000000_OSB_1998 |7 0 |8 A |9 355823 |a BIBHIS |b BIBHIS |d 2019-11-21 |i 3793524 |l 1 |o 938 OSB 1998 |p 3793524 |r 2025-01-20 |s 2023-03-29 |w 2019-11-21 |y BK |k HIS | ||